000 00406nam a2200145Ia 4500
008 210716s1997 xx 000 0 und d
041 _aeng
082 _a004 GUPV
100 _aGupta, Vikas.
245 _aRapidex computer course: windows 3.1/3.11 edition.
_bWindows 3.1/3.11 edition.
250 _a1
260 _aNew Delhi
_bPustak mahal
_c1997
300 _av,639,22
650 _aComputer Fundamentals
999 _c182607
_d182607